| 000 | 00367cam a22001217a 4500 | ||
|---|---|---|---|
| 008 | 180718b1915 xxu||||| |||| 00| 0 eng d | ||
| 082 | _aN104 Ed37 | ||
| 100 | _aEdgeworth, F.Y. | ||
| 245 |
_aThe cost of war and ways of reducing it suggested by economic theory: a lecture _cby F.Y. Edgeworth |
||
| 260 |
_aLondon _bOUP _c1915 |
||
| 300 | _a48p. | ||
| 650 | _aWar - Finance | ||
| 999 |
_c364790 _d364790 |
||